Kluby Reprezentantów Polski Euro 2024 - Statystyki

Ogólne statystyki
  • Ten quiz został rozwiązany 361 razy
  • Średni wynik to 16 z 26
Statystyki odpowiedzi
Pozycja Zawodnik Klub % Poprawnych
Bramkarz Wojciech Szczęsny Juventus
100%
Obrońca Jakub Kiwior Arsenal
91%
Bramkarz Marcin Bułka Nice
84%
Wahadłowy Nicola Zalewski Roma
84%
Pomocnik Piotr Zieliński Napoli
83%
Napastnik Robert Lewandowski Barcelona
82%
Obrońca Bartosz Salamon Lech Poznań
79%
Obrońca Jan Bednarek Southampton
79%
Bramkarz Łukasz Skorupski Bologna
76%
Pomocnik Kamil Grosicki Pogoń
76%
Wahadłowy Przemysław Frankowski Lens
74%
Pomocnik Jakub Moder Brighton
70%
Pomocnik Taras Romanczuk Jagiellonia
67%
Pomocnik Kacper Urbański Bologna
61%
Obrońca Paweł Dawidowicz Hellas Werona
57%
Pomocnik Sebastian Szymański Fenerbahce
50%
Wahadłowy Michał Skóraś Brugge
48%
Obrońca Bartosz Bereszyński Empoli
45%
Pomocnik Damian Szymański AEK Ateny
43%
Pomocnik Bartosz Slisz Atlanta
41%
Napastnik Karol Świderski Hellas Werona
38%
Pomocnik Jakub Piotrowski Łudogorec
38%
Obrońca Sebastian Walukiewicz Empoli
36%
Napastnik Krzysztof Piątek Istanbul BB
36%
Napastnik Adam Buksa Antalyaspor
30%
Wahadłowy Tymoteusz Puchacz Kaiserslautern
30%
Nie znaleziono quizów pasujących do podanych kryteriów
Rozkład punktacji
Procent ludzi z każdym wynikiem
Percentyl według liczby udzielonych odpowiedzi
Twoja historia wyników
Nie rozwiązałeś tego quizu